000 01111cam a2200289 a 4500
999 _c3614
_d3614
001 1180792
003 Nust
005 20180117090010.0
008 970512s1997 nju b 001 0 eng
010 _a 97021715
020 _a0805827196 (alk. paper)
040 _aDLC
_cDLC
_dDLC
050 0 0 _aBF698
_b.E87 1998
082 0 0 _a155.2
_221
100 1 _aEwen, Robert B.,
_d1940-
245 1 3 _aAn introduction to theories of personality /
_cRobert B. Ewen.
250 _a5th ed.
260 _aMahwah, N.J. :
_bL. Erlbaum,
_cc1998.
300 _a598 p. ;
_c24 cm.
504 _aIncludes bibliographical references (p. 559-582) and index.
650 0 _aPersonality.
856 4 2 _3Publisher description
_uhttp://www.loc.gov/catdir/enhancements/fy0745/97021715-d.html
906 _a7
_bcbc
_corignew
_d1
_eocip
_f19
_gy-gencatlg
942 _2ddc
_cBK